zpět

Detail výsledku týmu

Pod Obrazem, Krnov

Datum a čas kvízu

19.5 Celkem bodů Celkový počet nahraných bodů na tomto kvízu bez doplňovacích otázek.
7. Pořadí na kvízu Konečné umístění týmu na tomto kvízu.

Zaznamenané odpovědi

# Otázka Odpověď Body Výsledky
1. Tramvaje Dopravního podniku hl... NATO 0
2. Dvaaosmdesátiletý prezident Ab... Alžírsko 0
3. Stejně jako je _____ _____ cen... Skleněný pokoj 1
4. Možná jste i Vy zaznamenali, ž... WhatsApp 0
5. V minulých dnech bylo oznámeno... do Saúdské Arábie 1
1. Toto téma jste vybrali prostře... DEA 0
2. Hlavní postava seriálu Ve jmén... Írán 1
3. Jak se nazývá velké anglické m... Birmingham 0
4. Herečku Robin Wrightovou, jedn... Forrest Gump 1
5. Jak se jmenuje český herec, da... Aleš Háma 0